Statistics for 2015 FIFA Women's World Cup Teams

Click here to take the quiz!

General Stats

  • This quiz has been taken 79 times
  • The average score is 20 of 24

Answer Stats

Answer% Correct
England
100%
United States
99%
Japan
99%
Sweden
97%
Canada
96%
France
96%
Brazil
96%
Germany
95%
Australia
95%
China
92%
Spain
89%
Norway
88%
Mexico
88%
South Korea
86%
Colombia
86%
New Zealand
85%
Netherlands
82%
Switzerland
73%
Nigeria
71%
Ivory Coast
60%
Cameroon
59%
Ecuador
59%
Costa Rica
55%
Thailand
47%

Score Distribution

Percentile by Number Answered

Percent of People with Each Score

Your Score History

You have not taken this quiz